000 01753nam a2200541 i 4500
001 38070
003 KOSZ 005
005 20220310091554.0
008 000214s1999 pl a |001 0 pol
015 _aUWD 2000/2986
020 _a8385911901
035 _a991012913159705066
035 _a(PL-WaBN)b13487656-48omnis_nlop
035 _ab13487656
035 _a(OCoLC)749718242
035 _azz2005876884
035 _a(PL)b0000001348765
035 _a(EXLNZ-48OMNIS_NETWORK)9910063377605606
040 _aWA N
_cWA N
_dKOSZ 005/HR
041 0 _apol
046 _k1999
080 _a631.4
080 _a614.7
080 _a631.6
100 1 _aGreinert, Henryk
_d(1934-2009)
_eAutor
245 1 0 _aOchrona i rekultywacja środowiska glebowego /
_cHenryk Greinert, Andrzej Greinert.
260 _aZielona Góra :
_bWydaw. PZ,
_c1999.
300 _a326 s. :
_bil. mapy ;
_c24 cm.
336 _aTekst
_btxt
_2rdacontent
337 _aBez urządzenia pośredniczącego
_bn
_2rdamedia
338 _aWolumin
_bnc
_2rdacarrier
380 _aKsiążki
388 _a1901-2000
388 _a1989-2000
490 1 _aMonografia / [Politechnika Zielonogórska] ;
_vnr 92
504 _aBibliogr. - Indeks.
650 7 _aErozja gleby
_2DBN
650 7 _aGleba
_2DBN
650 7 _aGleboznawstwo
_2DBN
650 7 _aRekultywacja gruntów
_2DBN
658 _aRolnictwo i leśnictwo
658 _aOchrona środowiska
700 1 _aGreinert, Andrzej
_d(1965- )
_eAutor
830 0 _aMonografie - Politechnika Zielonogórska
_vnr 92
856 _uhttp://koha.tu.koszalin.pl/cgi-bin/koha/opac-detail.pl?biblionumber=38070
_yKatalog online BPK
942 _2UKD
_cKS
999 _c38070
_d38070